|
000
|
00666nam2 2200217 45
|
|
001
|
0000079679
|
|
005
|
20060321104754.01
|
|
010
|
|
@dCNY0.18
|
|
100
|
|
@a19940722d199 em ea
|
|
101
|
0
|
@achi
|
|
105
|
|
@ay z 000yy
|
|
200
|
10
|
@a农药氟乙酰胺@f《农药氟乙酰氨》编写组@Anong yao fu yi xian an@F《nong yao fu yi xian an》bian xie zu
|
|
210
|
|
@a北京@c燃料化学工业出版社@d1973.7
|
|
215
|
|
@a69页@d19cm
|
|
540
|
|
@a农药 氟乙酰胺@Anong yao fu yi xian an
|
|
606
|
0
|
@a工业技术
|
|
690
|
|
@aS482.3
|
|
690
|
|
@aT@v3
|
|
701
|
0
|
@a<<农药氟乙酰氨>>编写组@A<>bian xie zu
|
|
801
|
|
@aCN@bNiSoft@c20060321
|
|
905
|
|
@a10447@dT@e23
|
|
|
|
|
| |
| 农药氟乙酰胺/《农药氟乙酰氨》编写组.-北京:燃料化学工业出版社,1973.7 |
| 69页;19cm |
| |
| |
| ISBN :CNY0.18 |
| |
| ● |
正题名:农药氟乙酰胺
索取号:T/23
 
预约/预借
| 序号
|
登录号
|
条形码
|
馆藏地/架位号
|
状态
|
备注
|
|
1
|
124905
|
201249050
|
海科密-1楼/54架14列2层/
[索取号:T/23]
|
在馆
|
|
|
2
|
129166
|
201291663
|
海科密-1楼/54架14列2层/
[索取号:T/23]
|
在馆
|
|
|
3
|
24441
|
200244413
|
海科密-1楼/54架14列2层/
[索取号:T/23]
|
在馆
|
|
|
4
|
24442
|
200244422
|
海科密-1楼/54架14列2层/
[索取号:T/23]
|
在馆
|
|
|
5
|
24443
|
200244431
|
海科密-1楼/54架14列2层/
[索取号:T/23]
|
在馆
|
|
|
6
|
26049
|
200260494
|
海科密-1楼/54架14列2层/
[索取号:T/23]
|
在馆
|
|